| 000 | 00550cam a2200193 4500 | ||
|---|---|---|---|
| 001 | 101 | ||
| 005 | 20181127160359.0 | ||
| 008 | 011206s2002 nyua b 001 0 eng | ||
| 010 | _a 2001058327 | ||
| 020 | _a0333971310 (paper) | ||
| 020 | _a0333986296 (cloth) | ||
| 100 | 1 | _aHeywood, Andrew. | |
| 245 | 1 | 0 |
_aPolitics / _cAndrew Heywood. |
| 250 | _a3rd ed. | ||
| 260 |
_aNew York : _bPalgrave, _c2009. |
||
| 300 |
_axvii, 478 p. : _bill. ; _c26 cm. |
||
| 504 | _aIncludes bibliographical references (p. [461]-470) and index. | ||
| 650 | 0 | _aPolitical science. | |
| 999 |
_c86 _d86 |
||